[Event "Landesklasse Ost 2014/2015"]
[Site "?"]
[Date "2014.01.11"]
[Round "6"]
[White "Hadlich, Gerald"]
[Black "Welde, Kevin"]
[Result "1-0"]
[WhiteElo "1735"]
[BlackElo "1918"]
[PlyCount "63"]
[EventDate "2015.??.??"]
[WhiteTeam "SV Hermsdorf"]
[BlackTeam "VfL 1990 Gera"]

1. e4 c5 2. c3 d5 3. exd5 Qxd5 4. d4 e5 5. dxe5 Qxd1+ 6. Kxd1 Nc6 7. f4 Bf5 8.
Be3 O-O-O+ 9. Nd2 f6 10. Ngf3 fxe5 11. fxe5 Bg4 12. Kc1 Nh6 13. h3 Bf5 14. Bg5
Re8 15. Bb5 Nf7 16. Bf4 Be7 17. b3 g5 18. g4 Bxg4 19. hxg4 gxf4 20. Bxc6 bxc6
21. Kc2 Reg8 22. Rag1 Rg7 23. Rh5 Ng5 24. Nxg5 Rxg5 25. Rxg5 Bxg5 26. Nf3 Be7
27. Kd3 h6 28. Ke4 Bg5 29. Rd1 Rd8 30. Rxd8+ Kxd8 31. Ne1 Ke7 32. Nd3 1-0

[Event "Landesklasse Ost 2014/2015"]
[Site "?"]
[Date "2014.01.11"]
[Round "6"]
[White "Schönfeld, Volker"]
[Black "Bülau, Daniel"]
[Result "1-0"]
[WhiteElo "1869"]
[BlackElo "1617"]
[PlyCount "67"]
[EventDate "2015.??.??"]
[WhiteTeam "VfL 1990 Gera"]
[BlackTeam "SV Hermsdorf"]

1. e4 e5 2. Nc3 Nf6 3. f4 d6 4. Nf3 Nc6 5. Bb5 Bg4 6. h3 Bxf3 7. Qxf3 Be7 8.
fxe5 dxe5 9. Bxc6+ bxc6 10. O-O O-O 11. d3 Rb8 12. Kh1 Qd6 13. Rb1 Nd7 14. Be3
a6 15. a4 Nc5 16. Bxc5 Qxc5 17. Qf2 Qd6 18. b3 Rbd8 19. Nd1 Qg6 20. Nb2 Bd6 21.
Nc4 f6 22. Rbe1 Bb4 23. Re2 Bc3 24. Qa7 Qh5 25. Qf2 Bd4 26. Qf3 Qf7 27. Qg4 c5
28. Rf3 Qg6 29. Qe6+ Kh8 30. Qxa6 Qh6 31. Re1 Qh4 32. Ref1 Qh6 33. Qa5 Ra8 34.
Qd2 {ZÜ} 1-0

[Event "Landesklasse Ost 2014/2015"]
[Site "?"]
[Date "2014.01.11"]
[Round "6"]
[White "Pietzsch, Gerhard"]
[Black "Huster, Mike"]
[Result "0-1"]
[WhiteElo "1821"]
[BlackElo "1899"]
[PlyCount "44"]
[EventDate "2015.??.??"]
[WhiteTeam "SV Hermsdorf"]
[BlackTeam "VfL 1990 Gera"]

1. e4 d5 2. exd5 Nf6 3. d4 Nxd5 4. c4 Nb6 5. Nc3 e5 6. d5 Bb4 7. Bd2 c6 8. dxc6
Nxc6 9. a3 Be7 10. Be2 O-O 11. Nf3 Bg4 12. O-O Bxf3 13. Bxf3 Nxc4 14. Bc1 Qxd1
15. Rxd1 Nd4 16. Bxb7 Rab8 17. Bd5 Rfc8 18. Bxc4 Rxc4 19. Nd5 Bf8 20. b4 Rd8
21. Ne3 Ne2+ 22. Kf1 Rxd1+ 0-1

[Event "Landesklasse Ost 2014/2015"]
[Site "?"]
[Date "2014.01.11"]
[Round "6"]
[White "Richter, Sven"]
[Black "Schulz, Phillip"]
[Result "1-0"]
[WhiteElo "1932"]
[BlackElo "1746"]
[PlyCount "53"]
[EventDate "2015.??.??"]
[WhiteTeam "VfL 1990 Gera"]
[BlackTeam "SV Hermsdorf"]

1. e4 c5 2. Nc3 Nc6 3. g3 g6 4. Bg2 Bg7 5. d3 e6 6. f4 Nge7 7. Nf3 O-O 8. O-O
d6 9. Bd2 Rb8 10. a4 Bd7 11. Nb5 Be8 12. Bc3 a6 13. Bxg7 Kxg7 14. Nc3 Bd7 15.
Qd2 Qc7 16. Nd1 Kg8 17. Ne3 Nd4 18. b3 Nec6 19. Rab1 Nxf3+ 20. Rxf3 b5 21. axb5
axb5 22. Rf2 Ra8 23. f5 Qa5 24. c3 Ra6 25. f6 Ne5 26. Nc4 bxc4 27. Qh6 1-0

[Event "Landesklasse Ost 2014/2015"]
[Site "?"]
[Date "2014.01.11"]
[Round "6"]
[White "Pietsch, Karsten"]
[Black "Manicke, Hans-Joachim"]
[Result "1/2-1/2"]
[WhiteElo "1730"]
[BlackElo "1902"]
[PlyCount "51"]
[EventDate "2015.??.??"]
[WhiteTeam "SV Hermsdorf"]
[BlackTeam "VfL 1990 Gera"]

1. d4 d5 2. c4 e6 3. Nc3 Nf6 4. Bg5 Be7 5. e3 c6 6. Nf3 O-O 7. Bd3 Nbd7 8. O-O
b6 9. cxd5 cxd5 10. Rc1 a6 11. Qe2 Bb7 12. h3 b5 13. a3 Ne4 14. Bf4 Rc8 15.
Bxe4 dxe4 16. Ne5 Nf6 17. f3 exf3 18. Nxf3 Nd5 19. Nxd5 Qxd5 20. Nd2 Rxc1 21.
Rxc1 Rc8 22. Rxc8+ Bxc8 23. Nf3 Bb7 24. Qc2 Qc6 25. Qxc6 Bxc6 26. Ne5 1/2-1/2

[Event "Landesklasse Ost 2014/2015"]
[Site "?"]
[Date "2014.01.11"]
[Round "6"]
[White "Kretzschmar, Bernd"]
[Black "Baulig, Manuel"]
[Result "1-0"]
[WhiteElo "1821"]
[BlackElo "1514"]
[PlyCount "173"]
[EventDate "2015.??.??"]
[WhiteTeam "VfL 1990 Gera"]
[BlackTeam "SV Hermsdorf"]

1. e4 e6 2. d4 d5 3. e5 c5 4. c3 Nc6 5. Nf3 Nge7 6. Na3 Nf5 7. Nc2 Qb6 8. Bd3
Bd7 9. Bxf5 exf5 10. O-O Be6 11. dxc5 Bxc5 12. b4 Be7 13. Re1 O-O 14. Qd3 Rac8
15. a3 Qc7 16. Bd2 a6 17. Rac1 Rfd8 18. Ncd4 Nxd4 19. cxd4 Qd7 20. Bg5 Bxg5 21.
Nxg5 Rxc1 22. Rxc1 Rc8 23. Rc5 b6 24. Rxc8+ Qxc8 25. Qe3 h6 26. Nf3 Kf8 27. g3
Qc4 28. h4 Ke7 29. Nd2 Qc2 30. Kh2 Kd7 31. Qe2 Qc3 32. Qe3 Qxe3 33. fxe3 Kc6
34. a4 Kc7 35. Nb1 Bd7 36. Nc3 Be6 37. Kg2 Kd7 38. Kf3 Ke7 39. Kf4 g6 40. a5
bxa5 41. bxa5 Kd7 42. Kf3 Kc6 43. Ke2 Bc8 44. Kd3 Be6 45. Kc2 Bc8 46. Kb3 Be6
47. Kb4 Bc8 48. Na4 Bd7 49. Nb6 Be6 50. Ka4 Bd7 51. Kb3 Be6 52. Kb4 g5 53. hxg5
hxg5 54. Ka4 Kc7 55. Kb3 Kb7 56. Ka4 Kc7 57. Kb4 Kc6 58. Na4 Bd7 59. Nc5 Bc8
60. Ka4 Kc7 61. Kb3 Kc6 62. Kb4 Kc7 63. Nd3 Kc6 64. Ka4 Be6 65. Nb4+ Kb7 66.
Kb3 Ka7 67. Nd3 Kb7 68. Nc5+ Kc6 69. Ka4 Bc8 70. Kb4 Kc7 71. Nd3 Kc6 72. Nf2 g4
73. Nd3 Be6 74. Nf4 Bc8 75. Nh5 Be6 76. Nf6 Bc8 77. Ng8 Be6 78. Nh6 Kb7 79. Kc5
Kc7 80. Ng8 Kd7 81. Kb6 Kc8 82. Nf6 Kb8 83. Kxa6 Kc7 84. Kb5 Kb7 85. a6+ Ka7
86. Kc6 Kxa6 87. Nxd5 1-0

[Event "Landesklasse Ost 2014/2015"]
[Site "?"]
[Date "2014.01.11"]
[Round "6"]
[White "Sperhake, Franz"]
[Black "Fijalkowski, Jürgen"]
[Result "1/2-1/2"]
[WhiteElo "1552"]
[BlackElo "1812"]
[PlyCount "126"]
[EventDate "2015.??.??"]
[WhiteTeam "SV Hermsdorf"]
[BlackTeam "VfL 1990 Gera"]

1. d4 d5 2. Nf3 Nf6 3. Bg5 c6 4. c3 h6 5. Bf4 Bf5 6. Qb3 Qb6 7. Nbd2 Nbd7 8. e3
e6 9. Be2 Be7 10. O-O O-O 11. c4 Nh5 12. Bg3 Nxg3 13. hxg3 Qxb3 14. Nxb3 dxc4
15. Na5 Rab8 16. Nxc4 Rfd8 17. Rfd1 Nf6 18. Rac1 Rd5 19. Nce5 Rbd8 20. Bc4 R5d6
21. Bb3 Rb8 22. Nd2 Bh7 23. Bc2 Bxc2 24. Rxc2 Rd5 25. Nb3 Rbd8 26. Rdc1 Rb5 27.
Nd3 Ne4 28. Ndc5 Nxc5 29. Nxc5 e5 30. a4 Rb6 31. Rd1 Bxc5 32. Rxc5 exd4 33.
Rxd4 Rxd4 34. exd4 Rxb2 35. d5 cxd5 36. Rxd5 a6 37. Rd4 Kf8 38. Kf1 Ke7 39. g4
b5 40. axb5 axb5 41. g3 b4 42. Kg2 b3 43. Rb4 Rb1 44. Kf3 b2 45. Ke2 Kf6 46.
Rb5 Ke6 47. Kf3 Kd6 48. Ke2 Kc6 49. Rb3 Kc5 50. Rb8 g6 51. Rc8+ Kd6 52. Rb8 h5
53. gxh5 gxh5 54. Kf3 Ke5 55. Re8+ Kd4 56. Rd8+ Kc3 57. Rc8+ Kd2 58. Rd8+ Ke1
59. Re8+ Kf1 60. Rb8 Kg1 61. Rb5 f6 62. Rb4 Kh2 63. Rh4+ Kg1 1/2-1/2

[Event "Landesklasse Ost 2014/2015"]
[Site "?"]
[Date "2014.01.11"]
[Round "6"]
[White "Vogel, Steffen"]
[Black "Berkov, Mikhail"]
[Result "1/2-1/2"]
[WhiteElo "1779"]
[BlackElo "1806"]
[PlyCount "102"]
[EventDate "2015.??.??"]
[WhiteTeam "SSV Vimaria 91 Weimar"]
[BlackTeam "SV Schott Jena"]

1. d4 Nf6 2. c4 g6 3. Nc3 d5 4. e3 Bg7 5. cxd5 Nxd5 6. Bc4 Nxc3 7. bxc3 c5 8.
Ne2 O-O 9. O-O Qc7 10. Bd5 Nd7 11. Ba3 Nf6 12. Bf3 cxd4 13. cxd4 Bg4 14. Nf4
Bxf3 15. Qxf3 Rfe8 16. Rfb1 Rab8 17. Rb3 e5 18. Rc1 Qa5 19. dxe5 Qxe5 20. Rxb7
Rxb7 21. Qxb7 g5 22. Bb2 Qd6 23. Bxf6 gxf4 24. Bxg7 Qd2 25. Rf1 Kxg7 26. Qxa7
fxe3 27. fxe3 Qxe3+ 28. Qxe3 Rxe3 29. a4 Ra3 30. Rf4 Ra2 31. h4 h5 32. Kh2 Ra3
33. g4 Ra2+ 34. Kg3 Ra3+ 35. Kf2 Ra2+ 36. Ke3 Ra3+ 37. Kd2 hxg4 38. Rxg4+ Kh6
39. Rf4 Kh5 40. Kc2 f5 41. Kb2 Rg3 42. a5 Kg6 43. a6 Re3 44. a7 Re8 45. Ra4 Ra8
46. Kc3 Kh5 47. Kd4 Kxh4 48. Kc5+ Kg3 49. Kb6 f4 50. Kb7 Rxa7+ 51. Rxa7 f3
1/2-1/2

[Event "Landesklasse Ost 2014/2015"]
[Site "?"]
[Date "2014.01.11"]
[Round "6"]
[White "Neubauer, Ralf"]
[Black "Reichardt, Albert"]
[Result "1-0"]
[WhiteElo "1918"]
[BlackElo "1720"]
[PlyCount "73"]
[EventDate "2015.??.??"]
[WhiteTeam "SV Schott Jena"]
[BlackTeam "SSV Vimaria 91 Weimar"]

1. d4 Nf6 2. c4 c5 3. d5 b5 4. Nf3 bxc4 5. Nc3 d6 6. e4 g6 7. Bxc4 Bg7 8. h3
O-O 9. O-O Nbd7 10. Be3 Nb6 11. Be2 Nfd7 12. Qd2 Re8 13. Rab1 c4 14. Bd4 Bxd4
15. Nxd4 Bb7 16. Rfc1 Rc8 17. Ncb5 Ne5 18. f4 a6 19. Na3 Ned7 20. Bxc4 Nxc4 21.
Nxc4 Nf6 22. Qd3 e6 23. Nc6 Bxc6 24. dxc6 Rxc6 25. Rd1 d5 26. Ne5 Rd6 27. Nc4
Rd7 28. exd5 Rxd5 29. Qe2 Qc7 30. Ne5 Nh5 31. Rxd5 exd5 32. Qxa6 Nxf4 33. Ng4
Qc2 34. Qf1 Re2 35. Qxf4 Qxb1+ 36. Kh2 Qe4 37. Nf6+ 1-0

[Event "Landesklasse Ost 2014/2015"]
[Site "?"]
[Date "2014.01.11"]
[Round "6"]
[White "Mitter, Frank"]
[Black "Seifert, Michael"]
[Result "1/2-1/2"]
[WhiteElo "1752"]
[BlackElo "1801"]
[PlyCount "58"]
[EventDate "2015.??.??"]
[WhiteTeam "SSV Vimaria 91 Weimar"]
[BlackTeam "SV Schott Jena"]

1. d4 d5 2. c4 e6 3. Nc3 c6 4. e3 Nf6 5. Nf3 Nbd7 6. Bd3 Bd6 7. O-O O-O 8. Qc2
dxc4 9. Bxc4 e5 10. Rd1 exd4 11. exd4 Nb6 12. Be2 h6 13. h3 Re8 14. a3 Nfd5 15.
Bd3 Nf4 16. Bxf4 Bxf4 17. Re1 Be6 18. Rad1 Nd5 19. Ne4 Bd6 20. Nxd6 Qxd6 21.
Bf5 Bxf5 22. Qxf5 Nf6 23. Qc5 Qxc5 24. dxc5 Rxe1+ 25. Rxe1 Kf8 26. Rd1 Nd5 27.
Kf1 Re8 28. Nd4 g6 29. b4 Re4 1/2-1/2

[Event "Landesklasse Ost 2014/2015"]
[Site "?"]
[Date "2014.01.11"]
[Round "6"]
[White "Richter, Sebastian"]
[Black "Petigk, Falk"]
[Result "1/2-1/2"]
[WhiteElo "1742"]
[BlackElo "1697"]
[PlyCount "92"]
[EventDate "2015.??.??"]
[WhiteTeam "SV Schott Jena"]
[BlackTeam "SSV Vimaria 91 Weimar"]

1. d4 f5 2. Bg5 g6 3. Nc3 d6 4. h4 Nh6 5. Qd2 Nf7 6. Bf4 e5 7. dxe5 dxe5 8.
Qxd8+ Kxd8 9. O-O-O+ Bd7 10. Bd2 c6 11. e4 Be6 12. f4 exf4 13. exf5 gxf5 14.
Bxf4+ Nd7 15. Re1 Nc5 16. Nf3 Bh6 17. Bxh6 Nxh6 18. b4 Ne4 19. Nxe4 fxe4 20.
Rxe4 Bxa2 21. c4 a5 22. b5 cxb5 23. cxb5 Kc7 24. Kb2 Bd5 25. Re5 Kd6 26. Bc4
Bxc4 27. Rd1+ Kc7 28. Rc1 Rae8 29. Rxc4+ Kb6 30. Rh5 Nf7 31. Rf4 Re7 32. Rf6+
Ka7 33. b6+ Ka6 34. Nd4 Ne5 35. Nb3 Nc6 36. Rff5 Re2+ 37. Ka3 Rxg2 38. Nxa5
Rg3+ 39. Kb2 Nxa5 40. Rxa5+ Kxb6 41. Rab5+ Kc7 42. Rbc5+ Kb8 43. Kc2 Rg6 44.
Kc3 h6 45. Kb4 Re8 46. Rc4 Ree6 1/2-1/2

[Event "Landesklasse Ost 2014/2015"]
[Site "?"]
[Date "2014.01.11"]
[Round "6"]
[White "Latka, Richard"]
[Black "Jordan, Gunter"]
[Result "0-1"]
[WhiteElo "1697"]
[BlackElo "1875"]
[PlyCount "58"]
[EventDate "2015.??.??"]
[WhiteTeam "SSV Vimaria 91 Weimar"]
[BlackTeam "SV Schott Jena"]

1. e4 b6 2. d4 Bb7 3. Nc3 e6 4. Bd3 d6 5. Nf3 Be7 6. Bf4 Nd7 7. Qd2 Ngf6 8. e5
dxe5 9. dxe5 Nd5 10. O-O-O Bb4 11. Bg5 f6 12. exf6 gxf6 13. Qe2 fxg5 14. Ba6
Nf4 15. Qc4 Bxa6 16. Qxa6 Bxc3 17. bxc3 Qe7 18. Qb7 O-O 19. Qxc7 Rfd8 20. Rhe1
Rac8 21. Qb7 Qa3+ 22. Kb1 Qxc3 23. Rxd7 Qxc2+ 24. Ka1 Qc3+ 25. Kb1 Nd3 26. Rxd3
Qxd3+ 27. Ka1 Qc3+ 28. Kb1 Qb4+ 29. Ka1 Rc2 0-1

[Event "Landesklasse Ost 2014/2015"]
[Site "?"]
[Date "2014.01.11"]
[Round "6"]
[White "Schulz, Uwe"]
[Black "Gulich, Wolfgang"]
[Result "1/2-1/2"]
[WhiteElo "1746"]
[BlackElo "1768"]
[PlyCount "50"]
[EventDate "2015.??.??"]
[WhiteTeam "SV Schott Jena"]
[BlackTeam "SSV Vimaria 91 Weimar"]

1. d4 Nf6 2. c4 e6 3. Nf3 b6 4. g3 Bb7 5. Bg2 Be7 6. O-O O-O 7. Nc3 Ne4 8. Nxe4
Bxe4 9. Bd2 f5 10. Bc3 Bf6 11. Nd2 Bxg2 12. Kxg2 c5 13. e3 d6 14. Rc1 cxd4 15.
exd4 Nd7 16. Re1 e5 17. dxe5 dxe5 18. Rc2 Qc7 19. Qf3 g6 20. Qd5+ Kg7 21. Nf3
e4 22. Nd4 Bxd4 23. Qxd4+ Nf6 24. Qe5 Qxe5 25. Bxe5 Rad8 1/2-1/2

[Event "Landesklasse Ost 2014/2015"]
[Site "?"]
[Date "2014.01.11"]
[Round "6"]
[White "Gebuhr, Günter"]
[Black "Bönisch, Julian"]
[Result "1/2-1/2"]
[WhiteElo "1775"]
[BlackElo "1618"]
[PlyCount "56"]
[EventDate "2015.??.??"]
[WhiteTeam "SSV Vimaria 91 Weimar"]
[BlackTeam "SV Schott Jena"]

1. e4 e6 2. d4 d5 3. Nc3 Nf6 4. Bg5 Bb4 5. e5 h6 6. Bd2 Bxc3 7. bxc3 Ne4 8. Qg4
Kf8 9. Bd3 Nxd2 10. Kxd2 c5 11. Nf3 c4 12. Be2 Nd7 13. h4 Qa5 14. Qf4 Qa3 15.
g4 Nb6 16. Qe3 Na4 17. Rhb1 h5 18. g5 g6 19. Ng1 Rb8 20. Bd1 b5 21. Ne2 a5 22.
Ke1 Bd7 23. Qc1 Qxc1 24. Rxc1 Ke7 25. a3 Rb7 26. Rcb1 Rhb8 27. Kd2 Kf8 28. f4
Nb6 1/2-1/2

[Event "Landesklasse Ost 2014/2015"]
[Site "?"]
[Date "2014.01.11"]
[Round "6"]
[White "Flechsig, Bernd"]
[Black "Walther, Gerd"]
[Result "1/2-1/2"]
[WhiteElo "1716"]
[BlackElo "1774"]
[PlyCount "28"]
[EventDate "2015.??.??"]
[WhiteTeam "SV Schott Jena"]
[BlackTeam "SSV Vimaria 91 Weimar"]

1. e4 b6 2. d4 Bb7 3. f3 e6 4. g3 d6 5. Bg2 Nd7 6. Ne2 Ngf6 7. O-O Be7 8. Be3
O-O 9. Nd2 e5 10. c3 d5 11. h3 Bd6 12. dxe5 Nxe5 13. f4 Nxe4 14. fxe5 Bxe5
1/2-1/2

[Event "Landesklasse Ost 2014/2015"]
[Site "?"]
[Date "2014.01.11"]
[Round "6"]
[White "Rauhut, Frank"]
[Black "Janisch, Manfred"]
[Result "1-0"]
[WhiteElo "1862"]
[BlackElo "1744"]
[PlyCount "40"]
[EventDate "2015.??.??"]
[WhiteTeam "SV Jenapharm Jena"]
[BlackTeam "Schachzirkel Elstertal Langenberg"]

1. d4 d5 2. c4 e6 3. Nc3 Nf6 4. Bg5 Be7 5. e3 b6 6. cxd5 exd5 7. Bb5+ c6 8. Bd3
O-O 9. Nf3 Bg4 10. Qc2 h6 11. Bf4 b5 12. Ne5 Be6 13. O-O Nh5 14. Ne2 Nxf4 15.
Nxf4 Bd7 16. Bh7+ Kh8 17. Nxf7+ Rxf7 18. Ng6+ Kxh7 19. Nf8+ Kg8 20. Qh7+ Kxf8
1-0

[Event "Landesklasse Ost 2014/2015"]
[Site "?"]
[Date "2014.01.11"]
[Round "6"]
[White "Watzke, Birger"]
[Black "Wagner, Günther"]
[Result "1-0"]
[WhiteElo "2153"]
[BlackElo "1790"]
[PlyCount "51"]
[EventDate "2015.??.??"]
[WhiteTeam "Schachzirkel Elstertal Langenberg"]
[BlackTeam "SV Jenapharm Jena"]

1. c4 Nf6 2. g3 e5 3. Bg2 Nc6 4. Nc3 Bb4 5. d3 O-O 6. Bd2 d6 7. e3 Re8 8. Nge2
Bf5 9. Qc2 Qd7 10. h3 Rad8 11. a3 Bc5 12. Kf1 a6 13. Kg1 Rb8 14. b4 Bxb4 15.
axb4 Nxb4 16. Qb1 c5 17. e4 Bg6 18. Nd5 Nbxd5 19. cxd5 h6 20. Kh2 Nh7 21. f4 f5
22. fxe5 Rxe5 23. Nf4 Bf7 24. Bc3 Ree8 25. Qb2 fxe4 26. dxe4 1-0

[Event "Landesklasse Ost 2014/2015"]
[Site "?"]
[Date "2014.01.11"]
[Round "6"]
[White "Vater, Rainer"]
[Black "Streit, Michael"]
[Result "1/2-1/2"]
[WhiteElo "1809"]
[BlackElo "1924"]
[PlyCount "94"]
[EventDate "2015.??.??"]
[WhiteTeam "SV Jenapharm Jena"]
[BlackTeam "Schachzirkel Elstertal Langenberg"]

1. e4 e5 2. Nf3 Nc6 3. Nc3 Bc5 4. Bc4 Nf6 5. d3 h6 6. O-O d6 7. h3 O-O 8. Na4
Qe7 9. Nxc5 dxc5 10. Be3 a6 11. a4 b6 12. Qe2 Nd4 13. Nxd4 cxd4 14. Bd2 g5 15.
Kh2 Kg7 16. g3 Qd7 17. g4 Rh8 18. Kg2 Qe7 19. f3 Nd7 20. c3 c5 21. Rh1 Bb7 22.
Be1 Nf8 23. Bg3 Ng6 24. Qd2 h5 25. cxd4 cxd4 26. Rac1 Rac8 27. Bb3 h4 28. Bh2
f6 29. Rxc8 Rxc8 30. Rc1 Rc5 31. Rxc5 Qxc5 32. Be6 a5 33. Bc4 Bc6 34. Qc2 b5
35. axb5 Bxb5 36. Bb3 Qxc2+ 37. Bxc2 a4 38. Kf2 Kf7 39. Ke2 Ke7 40. Kd2 Kd6 41.
Bd1 Kc5 42. Kc2 Kb4 43. Be2 Nf8 44. Bg1 Ne6 45. Bf2 Nf4 46. Be1+ Kc5 47. Bf1
Ne6 1/2-1/2

[Event "Landesklasse Ost 2014/2015"]
[Site "?"]
[Date "2014.01.11"]
[Round "6"]
[White "Thöle, Wolfgang"]
[Black "Streit, Jürgen"]
[Result "1-0"]
[WhiteElo "1896"]
[BlackElo "1742"]
[PlyCount "71"]
[EventDate "2015.??.??"]
[WhiteTeam "SV Jenapharm Jena"]
[BlackTeam "Schachzirkel Elstertal Langenberg"]

1. e4 c5 2. Nf3 e6 3. d4 cxd4 4. Nxd4 a6 5. Bd3 Nf6 6. O-O Qc7 7. Nc3 Be7 8.
Qe2 d6 9. Kh1 b5 10. f4 Nbd7 11. Bd2 Bb7 12. Rad1 Nc5 13. e5 Nxd3 14. cxd3 dxe5
15. fxe5 Nd7 16. Qg4 Qb6 17. Be3 Bc5 18. Rxf7 Nxe5 19. Qxe6+ Qxe6 20. Nxe6 Kxf7
21. Nxc5 Bc6 22. Rf1+ Kg6 23. Ne2 h6 24. Bd4 Rae8 25. Nf4+ Kh7 26. Re1 Nf3 27.
Rxe8 Rxe8 28. gxf3 Bxf3+ 29. Kg1 g5 30. Kf2 Bg4 31. h3 Bf5 32. Nh5 Kg6 33. Ng7
Rg8 34. Nxf5 Rf8 35. Nxa6 Rxf5+ 36. Kg3 {Rest unleserlich bzw. unvollständig}
1-0

[Event "Landesklasse Ost 2014/2015"]
[Site "?"]
[Date "2014.01.11"]
[Round "6"]
[White "Espig, Christian"]
[Black "Jung, Florian"]
[Result "0-1"]
[WhiteElo "1548"]
[BlackElo "1682"]
[PlyCount "68"]
[EventDate "2015.??.??"]
[WhiteTeam "Schachzirkel Elstertal Langenberg"]
[BlackTeam "SV Jenapharm Jena"]

1. d4 d5 2. c4 c6 3. Nc3 Nf6 4. Bg5 Nbd7 5. cxd5 Nxd5 6. Nxd5 cxd5 7. Nf3 Qb6
8. Qc2 e5 9. dxe5 Bc5 10. O-O-O Bxf2 11. Rxd5 O-O 12. e4 Be3+ 13. Bxe3 Qxe3+
14. Kb1 Nb6 15. Rd1 Bg4 16. Re1 Qh6 17. Qd2 Qh5 18. Qf4 f6 19. Qg3 Bxf3 20.
gxf3 fxe5 21. Rg1 g6 22. Be2 Rf4 23. Rc1 Raf8 24. Rc5 R8f7 25. Rg2 Kg7 26. Qe1
Qh3 27. Qg1 Qe6 28. Rg5 Nd7 29. Bc4 Qd6 30. Rd5 Qc7 31. Bb3 Rxf3 32. Rd1 Rf2
33. Rxd7 Qxd7 34. Bxf7 Qd3+ 0-1

[Event "Landesklasse Ost 2014/2015"]
[Site "?"]
[Date "2014.01.11"]
[Round "6"]
[White "Riedel, Hans-Joachim"]
[Black "Nestler, Klaus"]
[Result "1-0"]
[WhiteElo "1737"]
[BlackElo "1487"]
[PlyCount "103"]
[EventDate "2015.??.??"]
[WhiteTeam "SV Jenapharm Jena"]
[BlackTeam "Schachzirkel Elstertal Langenberg"]

1. e4 e6 2. d4 d5 3. Nc3 dxe4 4. Nxe4 Nf6 5. Nxf6+ Qxf6 6. Nf3 Qd8 7. Be3 Be7
8. Bb5+ Bd7 9. Qd3 O-O 10. O-O a6 11. Bc4 Bc6 12. Ne5 Bf6 13. Rad1 Bxe5 14.
dxe5 Qxd3 15. Rxd3 Be4 16. Rd2 Nc6 17. f4 Rfd8 18. Rfd1 Bxc2 19. Rxd8+ Rxd8 20.
Rxd8+ Nxd8 21. Bc5 Nc6 22. Kf2 b5 23. Be2 Be4 24. g3 f6 25. exf6 gxf6 26. Ke3
Bd5 27. a4 Bc4 28. Bxc4 bxc4 29. Kd2 Kf7 30. Kc3 Ke8 31. Kxc4 Kd7 32. b4 Nd8
33. Bd4 f5 34. b5 a5 35. h3 h5 36. Bc3 Nb7 37. Kd4 Kd6 38. Kc4 Kd7 39. Bd4 Nd6+
40. Kd3 Nb7 41. Bc3 Kd6 42. Kd4 Ke7 43. Ke5 Kf7 44. Bd4 Nd6 45. Ba7 Ke7 46. Bb8
Kd7 47. Bxc7 Nc4+ 48. Kd4 Nb2 49. Bxa5 Nxa4 50. Bb4 Nb6 51. Ke5 Nd5 52. Bc5 1-0

[Event "Landesklasse Ost 2014/2015"]
[Site "?"]
[Date "2014.01.11"]
[Round "6"]
[White "Schmidt, Frank"]
[Black "Wolf, Jürgen"]
[Result "1/2-1/2"]
[WhiteElo "1384"]
[BlackElo "1634"]
[PlyCount "110"]
[EventDate "2015.??.??"]
[WhiteTeam "Schachzirkel Elstertal Langenberg"]
[BlackTeam "SV Jenapharm Jena"]

1. d4 Nf6 2. c4 e6 3. Nc3 Bb4 4. e3 c5 5. Bd3 O-O 6. a3 Bxc3+ 7. bxc3 d6 8. f4
b6 9. Nf3 Nc6 10. O-O Ba6 11. Qc2 Na5 12. Nd2 Qc7 13. Bb2 Rac8 14. Rac1 d5 15.
cxd5 Bxd3 16. Qxd3 Nxd5 17. c4 Ne7 18. e4 Rcd8 19. d5 exd5 20. exd5 f6 21. Rce1
b5 22. Qe4 Rfe8 23. Qc2 Nxc4 24. Nxc4 bxc4 25. Qxc4 Qd6 26. Rd1 Nf5 27. Bc1 Ne3
28. Bxe3 Rxe3 29. a4 Rde8 30. Rc1 R3e4 31. Qxc5 Qxc5+ 32. Rxc5 Rxa4 33. g3 Rd4
34. Ra1 Re7 35. Ra6 Rd7 36. Kg2 Rd3 37. Rca5 R3xd5 38. Rxd5 Rxd5 39. Rxa7 h6
40. h4 Kh7 41. Kf3 Rd3+ 42. Kf2 Kg6 43. h5+ Kh7 44. f5 Rd5 45. g4 Rd3 46. Re7
Kg8 47. Re3 Rd1 48. Kg3 Kf7 49. Rc3 Re1 50. Kf3 Re7 51. Rc4 Re1 52. Rb4 Rd1 53.
Rb7+ Kf8 54. Ke3 Re1+ 55. Kf3 Rc1 1/2-1/2

[Event "Landesklasse West 2014/2015"]
[Site "?"]
[Date "2014.09.07"]
[Round "1"]
[White "Meister, Matthias"]
[Black "Essegern, Kurt"]
[Result "1/2-1/2"]
[WhiteElo "1745"]
[BlackElo "1971"]
[PlyCount "107"]
[EventDate "2014.??.??"]
[WhiteTeam "SK Dingelstädt 1921"]
[BlackTeam "Randspringer Bad Salzungen"]

1. e4 c5 2. Nc3 Nc6 3. Bc4 e6 4. d3 Nf6 5. Bg5 Be7 6. Nge2 a6 7. Bxf6 Bxf6 8.
a4 O-O 9. Qd2 Nb4 10. Bb3 d5 11. Qc1 d4 12. Nd1 e5 13. O-O Bg4 14. f3 Bg5 15.
Qb1 Be6 16. f4 Bxb3 17. cxb3 exf4 18. Nxf4 Qd6 19. Nh3 Bh6 20. Ndf2 Be3 21. Kh1
h5 22. Qd1 g6 23. Qe2 Qe6 24. Qd1 b5 25. Ng1 c4 26. bxc4 bxc4 27. dxc4 Qxc4 28.
b3 Qe6 29. Nd3 Rab8 30. Rb1 Qxe4 31. Nc5 Qe7 32. Nd3 Rfc8 33. Nf3 f6 34. Nxb4
Rxb4 35. Qd3 Kg7 36. Qxa6 Rc3 37. h3 Rcxb3 38. Rxb3 Rxb3 39. Qc4 Rb4 40. Qc2
Qd6 41. Rd1 f5 42. Ne1 Qa6 43. Nf3 Rc4 44. Qb2 Qxa4 45. Qb7+ Kh6 46. Rb1 Rc1+
47. Rxc1 Bxc1 48. Qb8 Qd7 49. Qh8+ Qh7 50. Qxd4 Qg7 51. Qd6 Bg5 52. Nd4 Qf6 53.
Qxf6 Bxf6 54. Ne2 1/2-1/2

[Event "Landesklasse West 2014/2015"]
[Site "?"]
[Date "2014.09.07"]
[Round "1"]
[White "Hübschmann, Holger"]
[Black "Stöber, Alexander"]
[Result "1-0"]
[WhiteElo "1889"]
[BlackElo "1669"]
[PlyCount "79"]
[EventDate "2014.??.??"]
[WhiteTeam "Randspringer Bad Salzungen"]
[BlackTeam "SK Dingelstädt 1921"]

1. Nf3 Nf6 2. c4 g6 3. g3 Bg7 4. Bg2 d6 5. d4 O-O 6. O-O Nbd7 7. Nc3 c6 8. Bf4
Re8 9. d5 Nc5 10. dxc6 Qb6 11. cxb7 Bxb7 12. Be3 Qxb2 13. Bd4 Qb6 14. Rb1 Qa5
15. Bxc5 dxc5 16. Rxb7 Qxc3 17. Qa4 Ne4 18. Rxa7 Rxa7 19. Qxe8+ Bf8 20. Qb8
Rxa2 21. Ne5 Rb2 22. Qc7 Nd2 23. Re1 Nxc4 24. Nd3 Rb5 25. Bd5 e6 26. Rc1 Qa5
27. Qxa5 Nxa5 28. Bf3 Nb3 29. Rc4 Nd2 30. Rc2 Nxf3+ 31. exf3 Kg7 32. Kg2 Kf6
33. Rc4 Bd6 34. Rh4 h5 35. Rc4 e5 36. Nc1 Rb4 37. Rc2 c4 38. Na2 Ra4 39. Nc3
Rb4 40. Nd5+ 1-0

[Event "Landesklasse West 2014/2015"]
[Site "?"]
[Date "2014.09.07"]
[Round "1"]
[White "Kirchberg, Hans-Georg"]
[Black "Essegern, Uwe"]
[Result "0-1"]
[WhiteElo "1661"]
[BlackElo "1860"]
[PlyCount "144"]
[EventDate "2014.??.??"]
[WhiteTeam "SK Dingelstädt 1921"]
[BlackTeam "Randspringer Bad Salzungen"]

1. d4 c5 2. Nf3 cxd4 3. Qxd4 Nc6 4. Qd1 g6 5. g3 Nf6 6. Bg2 Bg7 7. O-O O-O 8.
Nbd2 d6 9. Re1 Qc7 10. c3 Rb8 11. e4 b5 12. Nb3 Nd7 13. Be3 Nde5 14. Nxe5 Nxe5
15. Bd4 Bh6 16. Be3 Bg7 17. Bd4 f6 18. Qe2 Nc4 19. Nc1 e5 20. Be3 Be6 21. Nd3
Qf7 22. Nb4 a5 23. Nd5 Bxd5 24. exd5 f5 25. b3 Nxe3 26. Qxe3 e4 27. Red1 b4 28.
c4 Bxa1 29. Rxa1 Qg7 30. Rd1 Rfc8 31. h4 Rc5 32. Kh2 h6 33. Qf4 Rd8 34. Bh3 h5
35. Rd2 Rc7 36. Re2 Kh7 37. Qe3 Rb7 38. Bf1 Rdd7 39. Rd2 Qh6 40. Qd4 Qg7 41.
Qe3 Rdc7 42. Be2 Rc5 43. Bd1 Re7 44. Re2 Qh6 45. f4 Qg7 46. Qd2 Rb7 47. Re3 Qf6
48. Re2 Kg7 49. Qe3 Kf7 50. Kg2 Rc8 51. Rc2 Rc5 52. Re2 Qd8 53. Qd4 Rb8 54. Bc2
Qf6 55. Qe3 Qa1 56. Kh2 Rc7 57. Kg2 Rbb7 58. Rd2 a4 59. bxa4 Rxc4 60. Bb3 Rc3
61. Qd4 Qe1 62. Rf2 Rc1 63. Kh3 Qh1+ 64. Rh2 Qf3 65. Qf2 Qg4+ 66. Kg2 Rbc7 67.
a5 R1c3 68. a6 e3 69. Qe1 Rd3 70. Kg1 e2 71. Rxe2 Rxg3+ 72. Rg2 Rxg2+ 0-1